000 02430cam a2200205 4500500
005 20260322001710.0
041 _afre
042 _adc
100 1 0 _aLenglart, Clara
_eauthor
700 1 0 _aFournier, Julie
_eauthor
700 1 0 _aChaste, Pauline
_eauthor
700 1 0 _aJollant, Fabrice
_eauthor
700 1 0 _aPiot, Marie-Aude
_eauthor
245 0 0 _aSuspensión de los vínculos presenciales durante el confinamiento francés de la primavera de 2020 y actos suicidas adolescentes: Estudio cualitativo
260 _c2025.
500 _a38
520 _aLa adolescencia implica una distanciación progresiva de las figuras de apego con el fin de sostener el proceso de separación-autonomización, lo que la convierte en un período de vulnerabilidad psíquica frente a los actos suicidas. Los vínculos de calidad con los pares resultan protectores. Sin embargo, el confinamiento estricto implementado entre marzo y mayo de 2020 por razones sanitarias obligó a una suspensión total de los vínculos presenciales entre pares, al tiempo que impuso una permanencia forzada en el seno familiar. Este estudio explora la experiencia de dicha suspensión de los vínculos presenciales con los pares durante el confinamiento, en adolescentes que realizaron un intento de suicidio posteriormente. Se llevaron a cabo entrevistas exploratorias semidirigidas presenciales, siguiendo la metodología cualitativa del análisis fenomenológico interpretativo (IPA, por sus siglas en inglés), con tres adolescentes de quince y dieciséis años. Se percibió una vivencia ambivalente del primer confinamiento. El sufrimiento psíquico preexistente al confinamiento parecía haberse exacerbado. Finalmente, las redes sociales digitales aparecían como una compensación ineficaz de los vínculos entre pares. En el contexto actual de aumento documentado de los intentos de suicidio entre adolescentes, cuyas causas aún no han sido plenamente identificadas, una exploración cualitativa parece pertinente. No obstante, las especificidades del reclutamiento y de la recogida de datos en este campo sugieren una ampliación temporal de los criterios de inclusión y el enfoque en momentos oportunos para la recolección de datos.
786 0 _nLa psychiatrie de l'enfant | 68 | 2 | 2025-10-03 | p. 239-258 | 0079-726X
856 4 1 _uhttps://shs.cairn.info/revista-la-psychiatrie-de-lenfant-2025-2-page-239?lang=es&redirect-ssocas=7080
999 _c1717060
_d1717060